The Ultimate book of mind maps.
| Main Author: | |
|---|---|
| Format: | Book |
| Published: |
London:
Harper Collins Publishers,
2005.
|
| Subjects: |
| LEADER | 00432cam a2200157 7i4500 | ||
|---|---|---|---|
| 001 | 0000019183 | ||
| 005 | 20070417090000.0 | ||
| 020 | 0 | 0 | |a 978-0-00-721291-0 |
| 090 | 0 | 0 | |a DE 153.1 |b BUZ |
| 100 | 2 | 0 | |a Buzan |
| 245 | 2 | 0 | |a The Ultimate book of mind maps. |
| 260 | 0 | 0 | |a London: |b Harper Collins Publishers, |c 2005. |
| 300 | # | # | |a 235 p. |
| 650 | 0 | 0 | |a Mnemonics |
| 650 | 0 | 0 | |a Thought and thinking |
| 999 | |a B000019713 |b Book |c Book |e Business Information Centre | ||


